| 000 | 00748nam a2200241 i 4500 | ||
|---|---|---|---|
| 003 | DO-SdBNP | ||
| 005 | 20240405120104.0 | ||
| 006 | a||||gr|||| 00| 0 | ||
| 007 | ta | ||
| 008 | 240405n2023 dr a|||| |||| 00| 0 spa d | ||
| 020 | _a9789945186178 | ||
| 040 |
_aDO-SdBNP _bspa _cBNPHU _erda |
||
| 082 | 4 |
_222 _bD542m |
|
| 245 | 1 | 0 |
_aMujer virtuosa/ _cMerci D. Díaz Méndez |
| 264 |
_ano identificado] _bCentro de Copiado AYD, _c2023 |
||
| 300 |
_a101 páginas : _bIlustraciones ; _c21 cm |
||
| 336 |
_2rdaconten _atexto _btxt |
||
| 337 |
_2rdamedia _asin mediación _bn |
||
| 338 |
_2rdacarrier _avolumen _bnc |
||
| 500 | _aIncluye datos biográficos de la autora en la solapa de la cubierta. | ||
| 590 | _aInventariado 2024 / MF | ||
| 942 |
_2ddc _cLBS1 |
||
| 999 |
_c56269 _d56269 |
||